<?xml version="1.0" encoding="UTF-8"?>
<record
    xmlns:xsi="http://www.w3.org/2001/XMLSchema-instance"
    xsi:schemaLocation="http://www.loc.gov/MARC21/slim http://www.loc.gov/standards/marcxml/schema/MARC21slim.xsd"
    xmlns="http://www.loc.gov/MARC21/slim">

  <leader>01783nam a22003257a 4500</leader>
  <controlfield tag="005">20180405110816.0</controlfield>
  <datafield tag="010" ind1=" " ind2=" ">
    <subfield code="a">19BACHN16   B-634403-421   HIN-103859 B-690172-173 &#x92C;&#x932;&#x93F;&#x926;&#x93E;&#x928;&#x940;</subfield>
  </datafield>
  <datafield tag="020" ind1=" " ind2=" ">
    <subfield code="c">350.00</subfield>
    <subfield code="a">9789350489925</subfield>
  </datafield>
  <datafield tag="020" ind1=" " ind2=" ">
    <subfield code="c">450.00</subfield>
  </datafield>
  <datafield tag="035" ind1=" " ind2=" ">
    <subfield code="a">HN-76205</subfield>
  </datafield>
  <datafield tag="035" ind1=" " ind2=" ">
    <subfield code="a">B-666940</subfield>
  </datafield>
  <datafield tag="035" ind1=" " ind2=" ">
    <subfield code="a">B-634403-421</subfield>
  </datafield>
  <datafield tag="035" ind1=" " ind2=" ">
    <subfield code="a">B-690172-173</subfield>
  </datafield>
  <datafield tag="037" ind1=" " ind2=" ">
    <subfield code="b">DBAD / PUB</subfield>
  </datafield>
  <datafield tag="037" ind1=" " ind2=" ">
    <subfield code="b">PRABHAT</subfield>
  </datafield>
  <datafield tag="037" ind1=" " ind2=" ">
    <subfield code="b">Prabhat/VEN   </subfield>
  </datafield>
  <datafield tag="082" ind1=" " ind2=" ">
    <subfield code="a">358.12</subfield>
  </datafield>
  <datafield tag="100" ind1=" " ind2=" ">
    <subfield code="a">&#x92E;&#x932;&#x93F;&#x915;, &#x935;&#x940;.&#x92A;&#x940;.</subfield>
  </datafield>
  <datafield tag="245" ind1=" " ind2=" ">
    <subfield code="a">&#x92D;&#x93E;&#x930;&#x924;&#x940;&#x92F; &#x938;&#x948;&#x928;&#x94D;&#x92F; &#x936;&#x915;&#x94D;&#x924;&#x93F; /</subfield>
    <subfield code="c">&#x935;&#x940;.&#x92A;&#x940;.&#x92E;&#x932;&#x93F;&#x915;; &#x935;&#x940;&#x930;&#x947;&#x928; &#x935;&#x930;&#x94D;&#x92E;&#x93E; &#x926;&#x94D;&#x935;&#x93E;&#x930;&#x93E; &#x905;&#x928;&#x941;&#x926;&#x93F;&#x924;</subfield>
  </datafield>
  <datafield tag="246" ind1=" " ind2=" ">
    <subfield code="a">Bharatiya Sainya Shakti</subfield>
    <subfield code="b">by General V. P.Malik</subfield>
  </datafield>
  <datafield tag="260" ind1=" " ind2=" ">
    <subfield code="a">&#x928;&#x908; &#x926;&#x93F;&#x932;&#x94D;&#x932;&#x940;</subfield>
    <subfield code="b">&#x92A;&#x94D;&#x930;&#x92D;&#x93E;&#x924; &#x92A;&#x94D;&#x930;&#x915;&#x93E;&#x936;&#x928;</subfield>
    <subfield code="c">2014</subfield>
    <subfield code="c">2017</subfield>
  </datafield>
  <datafield tag="270" ind1=" " ind2=" ">
    <subfield code="a">4/19 &#x906;&#x938;&#x92B; &#x905;&#x932;&#x940; &#x930;&#x94B;&#x921;</subfield>
    <subfield code="b">&#x928;&#x908; &#x926;&#x93F;&#x932;&#x94D;&#x932;&#x940;</subfield>
    <subfield code="e">110002</subfield>
  </datafield>
  <datafield tag="300" ind1=" " ind2=" ">
    <subfield code="a">232 &#x92A;&#x943;. </subfield>
    <subfield code="b">22 &#x938;&#x947;&#x92E;&#x940;. (&#x938;&#x91C;&#x93F;&#x932;&#x94D;&#x926;)</subfield>
    <subfield code="c">&#x938;&#x91A;&#x93F;&#x924;&#x94D;&#x930;</subfield>
  </datafield>
  <datafield tag="500" ind1=" " ind2=" ">
    <subfield code="a">&#x92C;&#x932;&#x93F;&#x926;&#x93E;&#x928;&#x940; &#x92A;&#x941;&#x938;&#x94D;&#x924;&#x915;</subfield>
  </datafield>
  <datafield tag="700" ind1=" " ind2=" ">
    <subfield code="a">&#x935;&#x930;&#x94D;&#x92E;&#x93E;, &#x935;&#x940;&#x930;&#x947;&#x928; </subfield>
  </datafield>
  <datafield tag="942" ind1=" " ind2=" ">
    <subfield code="2">ddc</subfield>
    <subfield code="c">HN</subfield>
    <subfield code="h">358.12</subfield>
    <subfield code="m">&#x92E;&#x932;&#x93F;&#x915;</subfield>
  </datafield>
  <datafield tag="999" ind1=" " ind2=" ">
    <subfield code="c">89498</subfield>
    <subfield code="d">89498</subfield>
  </datafield>
  <datafield tag="952" ind1=" " ind2=" ">
    <subfield code="0">0</subfield>
    <subfield code="1">0</subfield>
    <subfield code="4">0</subfield>
    <subfield code="7">1</subfield>
    <subfield code="8">NFIC</subfield>
    <subfield code="a">DBAD</subfield>
    <subfield code="b">DBAD</subfield>
    <subfield code="d">2014-10-20</subfield>
    <subfield code="e">DBAD / PUB</subfield>
    <subfield code="g">350.00</subfield>
    <subfield code="l">0</subfield>
    <subfield code="o">358.12 &#x92E;&#x932;&#x93F;&#x915;</subfield>
    <subfield code="p">HN-76205</subfield>
    <subfield code="r">2014-10-20 00:00:00</subfield>
    <subfield code="t">1</subfield>
    <subfield code="v">350.00</subfield>
    <subfield code="w">2014-10-20</subfield>
    <subfield code="y">HN</subfield>
  </datafield>
  <datafield tag="952" ind1=" " ind2=" ">
    <subfield code="0">0</subfield>
    <subfield code="1">0</subfield>
    <subfield code="4">0</subfield>
    <subfield code="7">0</subfield>
    <subfield code="8">NFIC</subfield>
    <subfield code="a">L</subfield>
    <subfield code="b">L</subfield>
    <subfield code="d">2016-10-20</subfield>
    <subfield code="e">Prabhat/BL/PP/L3055/28-03-16/273/10-03-16/28-03-16 </subfield>
    <subfield code="g">350.00</subfield>
    <subfield code="l">4</subfield>
    <subfield code="o">358.12 &#x92E;&#x932;&#x93F;&#x915;</subfield>
    <subfield code="p">B-634403</subfield>
    <subfield code="q">2017-11-08</subfield>
    <subfield code="r">2017-10-25 00:00:00</subfield>
    <subfield code="s">2017-10-25</subfield>
    <subfield code="t">1</subfield>
    <subfield code="v">350.00</subfield>
    <subfield code="w">2016-10-20</subfield>
    <subfield code="y">HN</subfield>
  </datafield>
  <datafield tag="952" ind1=" " ind2=" ">
    <subfield code="0">0</subfield>
    <subfield code="1">0</subfield>
    <subfield code="4">0</subfield>
    <subfield code="7">0</subfield>
    <subfield code="8">NFIC</subfield>
    <subfield code="a">M</subfield>
    <subfield code="b">M</subfield>
    <subfield code="d">2016-10-20</subfield>
    <subfield code="e">Prabhat/BL/PP/L3055/28-03-16/273/10-03-16/28-03-16 </subfield>
    <subfield code="g">350.00</subfield>
    <subfield code="l">0</subfield>
    <subfield code="o">358.12 &#x92E;&#x932;&#x93F;&#x915;</subfield>
    <subfield code="p">B-634404</subfield>
    <subfield code="r">2016-10-20 00:00:00</subfield>
    <subfield code="t">2</subfield>
    <subfield code="v">350.00</subfield>
    <subfield code="y">HN</subfield>
  </datafield>
  <datafield tag="952" ind1=" " ind2=" ">
    <subfield code="0">0</subfield>
    <subfield code="1">0</subfield>
    <subfield code="4">0</subfield>
    <subfield code="7">0</subfield>
    <subfield code="8">NFIC</subfield>
    <subfield code="a">M</subfield>
    <subfield code="b">M</subfield>
    <subfield code="d">2016-10-20</subfield>
    <subfield code="e">Prabhat/BL/PP/L3055/28-03-16/273/10-03-16/28-03-16 </subfield>
    <subfield code="g">350.00</subfield>
    <subfield code="l">0</subfield>
    <subfield code="o">358.12 &#x92E;&#x932;&#x93F;&#x915;</subfield>
    <subfield code="p">B-634405</subfield>
    <subfield code="r">2016-10-20 00:00:00</subfield>
    <subfield code="t">2</subfield>
    <subfield code="v">350.00</subfield>
    <subfield code="y">HN</subfield>
  </datafield>
  <datafield tag="952" ind1=" " ind2=" ">
    <subfield code="0">0</subfield>
    <subfield code="1">0</subfield>
    <subfield code="4">0</subfield>
    <subfield code="7">0</subfield>
    <subfield code="8">NFIC</subfield>
    <subfield code="a">NPL</subfield>
    <subfield code="b">NPL</subfield>
    <subfield code="d">2016-10-20</subfield>
    <subfield code="e">Prabhat/BL/PP/L3055/28-03-16/273/10-03-16/28-03-16 </subfield>
    <subfield code="g">350.00</subfield>
    <subfield code="l">0</subfield>
    <subfield code="o">358.12 &#x92E;&#x932;&#x93F;&#x915;</subfield>
    <subfield code="p">B-634406</subfield>
    <subfield code="r">2016-10-20 00:00:00</subfield>
    <subfield code="t">1</subfield>
    <subfield code="v">350.00</subfield>
    <subfield code="y">HN</subfield>
  </datafield>
  <datafield tag="952" ind1=" " ind2=" ">
    <subfield code="0">0</subfield>
    <subfield code="1">0</subfield>
    <subfield code="4">0</subfield>
    <subfield code="7">0</subfield>
    <subfield code="8">NFIC</subfield>
    <subfield code="a">BL1</subfield>
    <subfield code="b">BL1</subfield>
    <subfield code="d">2016-10-20</subfield>
    <subfield code="e">Prabhat/BL/PP/L3055/28-03-16/273/10-03-16/28-03-16 </subfield>
    <subfield code="g">350.00</subfield>
    <subfield code="l">5</subfield>
    <subfield code="o">358.12 &#x92E;&#x932;&#x93F;&#x915;</subfield>
    <subfield code="p">B-634407</subfield>
    <subfield code="r">2020-02-29 00:00:00</subfield>
    <subfield code="s">2020-02-26</subfield>
    <subfield code="t">1</subfield>
    <subfield code="v">350.00</subfield>
    <subfield code="y">HN</subfield>
  </datafield>
  <datafield tag="952" ind1=" " ind2=" ">
    <subfield code="0">0</subfield>
    <subfield code="1">0</subfield>
    <subfield code="4">0</subfield>
    <subfield code="7">0</subfield>
    <subfield code="8">NFIC</subfield>
    <subfield code="a">PR</subfield>
    <subfield code="b">PR</subfield>
    <subfield code="d">2016-10-20</subfield>
    <subfield code="e">Prabhat/BL/PP/L3055/28-03-16/273/10-03-16/28-03-16 </subfield>
    <subfield code="g">350.00</subfield>
    <subfield code="l">1</subfield>
    <subfield code="o">358.12 &#x92E;&#x932;&#x93F;&#x915;</subfield>
    <subfield code="p">B-634408</subfield>
    <subfield code="r">2023-08-08 00:00:00</subfield>
    <subfield code="s">2023-07-22</subfield>
    <subfield code="t">1</subfield>
    <subfield code="v">350.00</subfield>
    <subfield code="y">HN</subfield>
  </datafield>
  <datafield tag="952" ind1=" " ind2=" ">
    <subfield code="0">0</subfield>
    <subfield code="1">0</subfield>
    <subfield code="4">0</subfield>
    <subfield code="7">0</subfield>
    <subfield code="8">NFIC</subfield>
    <subfield code="a">TN</subfield>
    <subfield code="b">TN</subfield>
    <subfield code="d">2016-10-20</subfield>
    <subfield code="e">Prabhat/BL/PP/L3055/28-03-16/273/10-03-16/28-03-16 </subfield>
    <subfield code="g">350.00</subfield>
    <subfield code="l">1</subfield>
    <subfield code="o">358.12 &#x92E;&#x932;&#x93F;&#x915;</subfield>
    <subfield code="p">B-634409</subfield>
    <subfield code="r">2019-05-30 00:00:00</subfield>
    <subfield code="s">2019-05-16</subfield>
    <subfield code="t">1</subfield>
    <subfield code="v">350.00</subfield>
    <subfield code="y">HN</subfield>
  </datafield>
  <datafield tag="952" ind1=" " ind2=" ">
    <subfield code="0">0</subfield>
    <subfield code="1">0</subfield>
    <subfield code="4">0</subfield>
    <subfield code="7">0</subfield>
    <subfield code="8">NFIC</subfield>
    <subfield code="a">CJ</subfield>
    <subfield code="b">CJ</subfield>
    <subfield code="d">2016-10-20</subfield>
    <subfield code="e">Prabhat/BL/PP/L3055/28-03-16/273/10-03-16/28-03-16 </subfield>
    <subfield code="g">350.00</subfield>
    <subfield code="l">2</subfield>
    <subfield code="o">358.12 &#x92E;&#x932;&#x93F;&#x915;</subfield>
    <subfield code="p">B-634410</subfield>
    <subfield code="r">2022-12-26 00:00:00</subfield>
    <subfield code="s">2022-12-10</subfield>
    <subfield code="t">1</subfield>
    <subfield code="v">350.00</subfield>
    <subfield code="y">HN</subfield>
  </datafield>
  <datafield tag="952" ind1=" " ind2=" ">
    <subfield code="0">0</subfield>
    <subfield code="1">0</subfield>
    <subfield code="4">0</subfield>
    <subfield code="7">0</subfield>
    <subfield code="8">NFIC</subfield>
    <subfield code="a">JP</subfield>
    <subfield code="b">JP</subfield>
    <subfield code="d">2016-10-20</subfield>
    <subfield code="e">Prabhat/BL/PP/L3055/28-03-16/273/10-03-16/28-03-16 </subfield>
    <subfield code="g">350.00</subfield>
    <subfield code="l">2</subfield>
    <subfield code="o">358.12 &#x92E;&#x932;&#x93F;&#x915;</subfield>
    <subfield code="p">B-634411</subfield>
    <subfield code="r">2019-04-03 00:00:00</subfield>
    <subfield code="s">2018-06-08</subfield>
    <subfield code="t">1</subfield>
    <subfield code="v">350.00</subfield>
    <subfield code="y">HN</subfield>
  </datafield>
  <datafield tag="952" ind1=" " ind2=" ">
    <subfield code="0">0</subfield>
    <subfield code="1">0</subfield>
    <subfield code="4">0</subfield>
    <subfield code="7">0</subfield>
    <subfield code="8">NFIC</subfield>
    <subfield code="a">ZLS</subfield>
    <subfield code="b">ZLS</subfield>
    <subfield code="d">2016-10-20</subfield>
    <subfield code="e">Prabhat/BL/PP/L3055/28-03-16/273/10-03-16/28-03-16 </subfield>
    <subfield code="g">350.00</subfield>
    <subfield code="l">1</subfield>
    <subfield code="o">358.12 &#x92E;&#x932;&#x93F;&#x915;</subfield>
    <subfield code="p">B-634412</subfield>
    <subfield code="r">2018-09-22 00:00:00</subfield>
    <subfield code="s">2018-07-28</subfield>
    <subfield code="t">1</subfield>
    <subfield code="v">350.00</subfield>
    <subfield code="y">HN</subfield>
  </datafield>
  <datafield tag="952" ind1=" " ind2=" ">
    <subfield code="0">0</subfield>
    <subfield code="1">0</subfield>
    <subfield code="4">0</subfield>
    <subfield code="7">0</subfield>
    <subfield code="8">NFIC</subfield>
    <subfield code="a">BL3</subfield>
    <subfield code="b">BL3</subfield>
    <subfield code="d">2016-10-20</subfield>
    <subfield code="e">Prabhat/BL/PP/L3055/28-03-16/273/10-03-16/28-03-16 </subfield>
    <subfield code="g">350.00</subfield>
    <subfield code="l">0</subfield>
    <subfield code="o">358.12 &#x92E;&#x932;&#x93F;&#x915;</subfield>
    <subfield code="p">B-634413</subfield>
    <subfield code="r">2016-10-20 00:00:00</subfield>
    <subfield code="t">1</subfield>
    <subfield code="v">350.00</subfield>
    <subfield code="y">HN</subfield>
  </datafield>
  <datafield tag="952" ind1=" " ind2=" ">
    <subfield code="0">0</subfield>
    <subfield code="1">0</subfield>
    <subfield code="4">0</subfield>
    <subfield code="7">0</subfield>
    <subfield code="8">NFIC</subfield>
    <subfield code="a">NRR</subfield>
    <subfield code="b">NRR</subfield>
    <subfield code="d">2016-10-20</subfield>
    <subfield code="e">Prabhat/BL/PP/L3055/28-03-16/273/10-03-16/28-03-16 </subfield>
    <subfield code="g">350.00</subfield>
    <subfield code="l">0</subfield>
    <subfield code="o">358.12 &#x92E;&#x932;&#x93F;&#x915;</subfield>
    <subfield code="p">B-634414</subfield>
    <subfield code="r">2016-10-20 00:00:00</subfield>
    <subfield code="t">1</subfield>
    <subfield code="v">350.00</subfield>
    <subfield code="y">HN</subfield>
  </datafield>
  <datafield tag="952" ind1=" " ind2=" ">
    <subfield code="0">0</subfield>
    <subfield code="1">0</subfield>
    <subfield code="4">0</subfield>
    <subfield code="7">0</subfield>
    <subfield code="8">NFIC</subfield>
    <subfield code="a">NR</subfield>
    <subfield code="b">NR</subfield>
    <subfield code="d">2016-10-20</subfield>
    <subfield code="e">Prabhat/BL/PP/L3055/28-03-16/273/10-03-16/28-03-16 </subfield>
    <subfield code="g">350.00</subfield>
    <subfield code="l">0</subfield>
    <subfield code="o">358.12 &#x92E;&#x932;&#x93F;&#x915;</subfield>
    <subfield code="p">B-634415</subfield>
    <subfield code="r">2016-10-20 00:00:00</subfield>
    <subfield code="t">1</subfield>
    <subfield code="v">350.00</subfield>
    <subfield code="y">HN</subfield>
  </datafield>
  <datafield tag="952" ind1=" " ind2=" ">
    <subfield code="0">0</subfield>
    <subfield code="1">0</subfield>
    <subfield code="4">0</subfield>
    <subfield code="7">0</subfield>
    <subfield code="8">NFIC</subfield>
    <subfield code="a">BN</subfield>
    <subfield code="b">BN</subfield>
    <subfield code="d">2016-10-20</subfield>
    <subfield code="e">Prabhat/BL/PP/L3055/28-03-16/273/10-03-16/28-03-16 </subfield>
    <subfield code="g">350.00</subfield>
    <subfield code="l">5</subfield>
    <subfield code="m">1</subfield>
    <subfield code="o">358.12 &#x92E;&#x932;&#x93F;&#x915;</subfield>
    <subfield code="p">B-634416</subfield>
    <subfield code="r">2025-09-10 00:00:00</subfield>
    <subfield code="s">2022-05-12</subfield>
    <subfield code="t">1</subfield>
    <subfield code="v">350.00</subfield>
    <subfield code="y">HN</subfield>
  </datafield>
  <datafield tag="952" ind1=" " ind2=" ">
    <subfield code="0">0</subfield>
    <subfield code="1">0</subfield>
    <subfield code="4">0</subfield>
    <subfield code="7">0</subfield>
    <subfield code="8">NFIC</subfield>
    <subfield code="a">BL4</subfield>
    <subfield code="b">BL4</subfield>
    <subfield code="d">2016-10-20</subfield>
    <subfield code="e">Prabhat/BL/PP/L3055/28-03-16/273/10-03-16/28-03-16 </subfield>
    <subfield code="g">350.00</subfield>
    <subfield code="l">7</subfield>
    <subfield code="m">3</subfield>
    <subfield code="o">358.12 &#x92E;&#x932;&#x93F;&#x915;</subfield>
    <subfield code="p">B-634417</subfield>
    <subfield code="r">2023-07-18 00:00:00</subfield>
    <subfield code="s">2022-12-16</subfield>
    <subfield code="t">1</subfield>
    <subfield code="v">350.00</subfield>
    <subfield code="y">HN</subfield>
  </datafield>
  <datafield tag="952" ind1=" " ind2=" ">
    <subfield code="0">0</subfield>
    <subfield code="1">0</subfield>
    <subfield code="4">0</subfield>
    <subfield code="7">0</subfield>
    <subfield code="8">NFIC</subfield>
    <subfield code="a">YV</subfield>
    <subfield code="b">YV</subfield>
    <subfield code="d">2016-10-20</subfield>
    <subfield code="e">Prabhat/BL/PP/L3055/28-03-16/273/10-03-16/28-03-16 </subfield>
    <subfield code="g">350.00</subfield>
    <subfield code="l">0</subfield>
    <subfield code="o">358.12 &#x92E;&#x932;&#x93F;&#x915;</subfield>
    <subfield code="p">B-634418</subfield>
    <subfield code="r">2016-10-20 00:00:00</subfield>
    <subfield code="t">1</subfield>
    <subfield code="v">350.00</subfield>
    <subfield code="y">HN</subfield>
  </datafield>
  <datafield tag="952" ind1=" " ind2=" ">
    <subfield code="0">0</subfield>
    <subfield code="1">0</subfield>
    <subfield code="4">0</subfield>
    <subfield code="7">0</subfield>
    <subfield code="8">NFIC</subfield>
    <subfield code="a">BN</subfield>
    <subfield code="b">BN</subfield>
    <subfield code="d">2016-10-20</subfield>
    <subfield code="e">Prabhat/BL/PP/L3055/28-03-16/273/10-03-16/28-03-16 </subfield>
    <subfield code="g">350.00</subfield>
    <subfield code="l">3</subfield>
    <subfield code="m">0</subfield>
    <subfield code="o">358.12 &#x92E;&#x932;&#x93F;&#x915;</subfield>
    <subfield code="p">B-634419</subfield>
    <subfield code="r">2019-07-01 00:00:00</subfield>
    <subfield code="s">2019-07-01</subfield>
    <subfield code="t">3</subfield>
    <subfield code="v">350.00</subfield>
    <subfield code="y">HN</subfield>
  </datafield>
  <datafield tag="952" ind1=" " ind2=" ">
    <subfield code="0">0</subfield>
    <subfield code="1">0</subfield>
    <subfield code="4">0</subfield>
    <subfield code="7">0</subfield>
    <subfield code="8">NFIC</subfield>
    <subfield code="a">RC4</subfield>
    <subfield code="b">RC4</subfield>
    <subfield code="d">2016-10-20</subfield>
    <subfield code="e">Prabhat/BL/PP/L3055/28-03-16/273/10-03-16/28-03-16 </subfield>
    <subfield code="g">350.00</subfield>
    <subfield code="l">0</subfield>
    <subfield code="o">358.12 &#x92E;&#x932;&#x93F;&#x915;</subfield>
    <subfield code="p">B-634420</subfield>
    <subfield code="r">2016-10-20 00:00:00</subfield>
    <subfield code="t">3</subfield>
    <subfield code="v">350.00</subfield>
    <subfield code="y">HN</subfield>
  </datafield>
  <datafield tag="952" ind1=" " ind2=" ">
    <subfield code="0">0</subfield>
    <subfield code="1">0</subfield>
    <subfield code="4">0</subfield>
    <subfield code="7">0</subfield>
    <subfield code="8">NFIC</subfield>
    <subfield code="a">RC4</subfield>
    <subfield code="b">RC4</subfield>
    <subfield code="d">2016-10-20</subfield>
    <subfield code="e">Prabhat/BL/PP/L3055/28-03-16/273/10-03-16/28-03-16 </subfield>
    <subfield code="g">350.00</subfield>
    <subfield code="l">0</subfield>
    <subfield code="o">358.12 &#x92E;&#x932;&#x93F;&#x915;</subfield>
    <subfield code="p">B-634421</subfield>
    <subfield code="r">2016-10-20 00:00:00</subfield>
    <subfield code="t">3</subfield>
    <subfield code="v">350.00</subfield>
    <subfield code="y">HN</subfield>
  </datafield>
  <datafield tag="952" ind1=" " ind2=" ">
    <subfield code="0">0</subfield>
    <subfield code="1">0</subfield>
    <subfield code="4">0</subfield>
    <subfield code="7">0</subfield>
    <subfield code="8">NFIC</subfield>
    <subfield code="a">AV</subfield>
    <subfield code="b">AV</subfield>
    <subfield code="d">2017-05-04</subfield>
    <subfield code="e">PRABHAT/BL/PP/L2718/3.3.17/640/17.2.17/10.3.17</subfield>
    <subfield code="g">350.00</subfield>
    <subfield code="l">2</subfield>
    <subfield code="m">2</subfield>
    <subfield code="o">358.12 &#x92E;&#x932;&#x93F;&#x915;</subfield>
    <subfield code="p">B-666940</subfield>
    <subfield code="r">2022-06-06 00:00:00</subfield>
    <subfield code="s">2022-05-28</subfield>
    <subfield code="t">1</subfield>
    <subfield code="v">350.00</subfield>
    <subfield code="w">2017-05-04</subfield>
    <subfield code="y">HN</subfield>
  </datafield>
  <datafield tag="952" ind1=" " ind2=" ">
    <subfield code="0">0</subfield>
    <subfield code="1">0</subfield>
    <subfield code="4">0</subfield>
    <subfield code="7">0</subfield>
    <subfield code="8">NFIC</subfield>
    <subfield code="a">L</subfield>
    <subfield code="b">L</subfield>
    <subfield code="d">2018-04-05</subfield>
    <subfield code="e">&#x92A;&#x94D;&#x930;&#x92D;&#x93E;&#x924; &#x92A;&#x94D;&#x930;&#x915;&#x93E;&#x936;&#x928; PP/BL-5305/05.03.18/832/20.02.18/05.03.18</subfield>
    <subfield code="g">450.00</subfield>
    <subfield code="l">2</subfield>
    <subfield code="o">358.12 &#x92E;&#x932;&#x93F;&#x915;</subfield>
    <subfield code="p">B-690172</subfield>
    <subfield code="r">2026-01-27 00:00:00</subfield>
    <subfield code="s">2026-01-16</subfield>
    <subfield code="t">1</subfield>
    <subfield code="v">450.00</subfield>
    <subfield code="w">2018-04-05</subfield>
    <subfield code="y">HN</subfield>
    <subfield code="z">&#x92C;&#x932;&#x93F;&#x926;&#x93E;&#x928;&#x940;</subfield>
  </datafield>
  <datafield tag="952" ind1=" " ind2=" ">
    <subfield code="0">0</subfield>
    <subfield code="1">0</subfield>
    <subfield code="4">0</subfield>
    <subfield code="7">0</subfield>
    <subfield code="8">NFIC</subfield>
    <subfield code="a">ZLS</subfield>
    <subfield code="b">ZLS</subfield>
    <subfield code="d">2018-04-05</subfield>
    <subfield code="e">&#x92A;&#x94D;&#x930;&#x92D;&#x93E;&#x924; &#x92A;&#x94D;&#x930;&#x915;&#x93E;&#x936;&#x928; PP/BL-5305/05.03.18/832/20.02.18/05.03.18</subfield>
    <subfield code="g">450.00</subfield>
    <subfield code="l">0</subfield>
    <subfield code="o">358.12 &#x92E;&#x932;&#x93F;&#x915;</subfield>
    <subfield code="p">B-690173</subfield>
    <subfield code="r">2018-04-05 00:00:00</subfield>
    <subfield code="t">1</subfield>
    <subfield code="v">450.00</subfield>
    <subfield code="y">HN</subfield>
    <subfield code="z">&#x92C;&#x932;&#x93F;&#x926;&#x93E;&#x928;&#x940;</subfield>
  </datafield>
</record>
